عرض عادي عرض مارك
  • Adams, Michael,

مدخل إسم شخص

عدد التسجيلات المستخدمة في: 1

001 - رقم الضبط

  • حقل الضبط: 7831

003 - معرف رقم الضبط

  • حقل الضبط: OSt

005 - تاريخ ووقت أخر عملية

  • حقل الضبط: 20111213103702.0

008 - عناصر بيانات ثابتة الطول

  • حقل تحكم ثابت الطول: 111213|||a|||||| | ||| d

040 ## - مصدر الفهرسة

  • هيئة الفهرسة الأصلية: OSt
  • وكالة الكتابة: OSt

100 ## - مدخل -- أسم شخص

  • إسم شخص: Adams, Michael,
  • تواريخ مرتبطة بالاسم: 1961-

670 ## - بيانات المصدر موجوده

  • الاستشهاد بالمصدر: Work cat.: (OSt)0: Adams, Michael, 1961-, Slang :, 2009.